Veľká Fatra Gaderská dolina

Zobrazenie: Pohľad na prašnú cestičku vedúcu do Gaderskej doliny nad ktorou sa týči skalné bralo

Bibliographic Details
Other Authors: Cincík, Jozef, 1908-1982 (Photographer)
Format: Postcard
Language:Slovak
PhysicalDescription:1 pohľadnica čiernobiela 15 x 11 cm
Published: [Bratislava] VPL 1967
Subjects:

MARC

LEADER 00000nkm a2200000 a 4500
001 vtls011985038
003 SK-MaSNL
005 20260512130055.0
007 kp bo
008 231120s1967 xo g 00 kuslo
015 |a SNBG1967 
035 |a urn:nbn:sk:snk-km00ehy4 
035 |a urn:nbn:sk:snk-km45xiz 
035 |a 0C12576F-575A-4082-8F07-95F79B9B3C32 
040 |a SNK  |b slo  |c SNK  |e AACR2 
041 0 |a slo 
043 |a e-xo--- 
044 |a xo  |c SK 
072 7 |a 908(437)  |x Vlastiveda Česka a Slovenska  |2 konspekt 
080 |a 908(437.6-191.2)  |2 2001 
080 |a 551.4.036  |2 2001 
080 |a (084.121)  |2 2001 
100 1 |a Cincík, Jozef,  |d 1908-1982  |4 pht  |9 55163 
245 1 0 |a Veľká Fatra  |h grafika  |b Gaderská dolina  |c foto Jozef Cincík 
260 |a [Bratislava]  |b VPL  |c 1967 
300 |a 1 pohľadnica  |b čiernobiela  |c 15 x 11 cm 
520 8 |a Zobrazenie: Pohľad na prašnú cestičku vedúcu do Gaderskej doliny nad ktorou sa týči skalné bralo 
650 0 7 |a doliny  |2 SNKPH  |9 256361 
651 7 |a Veľká Fatra (Slovensko : pohorie)  |2 SNKPHgeo  |9 24653 
651 7 |a Gaderská dolina (Slovensko)  |2 SNKPHgeo  |9 62694 
655 7 |a geografické pohľadnice  |2 SNKPH  |9 70522 
852 |a Slovenská národná knižnica 
954 |a pohľadnice pôvodné (slovenské)  |2 lita 
958 |a GBN 
958 |a OND 
958 |a GC 
958 |a EUIPO 
999 |c 1124100  |d 1126030 
952 |a SNK  |b SNK  |y PREZ  |7 0  |p 17A1275996  |o snkSP 48735  |0 0  |1 0  |4 0  |d 2020-08-03  |f 1  |l 0  |r 2026-02-24 18:41:15  |w 2026-02-24